| 000 | 00557nam a2200193Ia 4500 | ||
|---|---|---|---|
| 003 | GCL | ||
| 005 | 20240530102514.0 | ||
| 008 | 140319s9999 xx 000 0 ara d | ||
| 040 |
_aGCL / _cGCL |
||
| 082 | 0 | 4 |
_a413.2 _bط/و ق |
| 100 | 1 | _aوجدى رزق غالى | |
| 245 | 1 | 0 |
_aقاموسى الملون عربى - انكليزى / _cوجدى رزق غالى |
| 260 |
_a[S.N] : _bمكتبة لبنان |
||
| 300 |
_a ؛ _c20 سم |
||
| 490 |
_aقاموس الملون _v0 |
||
| 650 | 0 | 4 | _aالاطفال |
| 650 | 0 | 4 | _aاللغات |
| 942 |
_2ddc _cBK |
||
| 999 |
_c32755 _d32755 |
||